A comprehensive approach to auditing (Record no. 2859)
[ view plain ]
| 000 -LEADER | |
|---|---|
| fixed length control field | 00585nam a2200133 4500 |
| 020 ## - INTERNATIONAL STANDARD BOOK NUMBER | |
| ISBN | 9988792948 |
| 050 ## - CALL NUMBER | |
| Classification number | HF 5667 |
| Item number | G99 |
| 100 ## - AUTHOR | |
| Personal name | Kwame Gyasi |
| 245 ## - TITLE | |
| Title | A comprehensive approach to auditing |
| Remainder of title | The invaluable guide for the auditing professional |
| 260 ## - PUBLICATION INFORMATION | |
| Place of publication | Ghana |
| Name of publisher | Kwabotwe Hill publishers |
| Year of publication | 2013 |
| 300 ## - DESCRIPTION | |
| Number of Pages | xxxvii, 446 pg |
| 505 ## - FORMATTED CONTENTS NOTE | |
| Table of Content | The professional practice of auditing<br/>The conceptual framework of auditing<br/>The professional practice of financial auditing<br/>The professional practice of internal auditing<br/>The professional practice of management auditing |
| 942 ## - ADDED ENTRY ELEMENTS (KOHA) | |
| Koha item type | Books |
| Withdrawn status | Lost status | Collection code | Home library | Current library | Shelving location | Date acquired | Full call number | Accession Number | Koha item type |
|---|---|---|---|---|---|---|---|---|---|
| Reference | Methodist University Library Main | Methodist University Library Main | General Stacks | 01/04/2016 | HF 5667 G99 | 2144 | Books | ||
| Reference | Methodist University Library Main | Methodist University Library Main | General Stacks | 01/04/2016 | HF 5667 G99 | 2143 | Books | ||
| Reference | Methodist University Library Main | Methodist University Library Main | General Stacks | 01/04/2016 | HF 5667 G99 | 2145 | Books | ||
| Methodist University Library Tema | Methodist University Library Tema | General Stacks | 01/04/2016 | HF 5667 G99 | 2146 | Books | |||
| Methodist University Library Tema | Methodist University Library Tema | General Stacks | 01/04/2016 | HF 5667 G99 | 2147 | Books |